• 首页
  • 本馆介绍
  • 公告通知
  • 最新文献
  • 馆藏检索
  • 电子资源
  • 读者导购
  • 参考咨询
  • 我的图书馆
  • 登录
  • 详细信息显示
  • 放入我的书架
  • 预约/预借图书
  • 作者相关作品
  • 分类相关作品
  • 丛书相关作品
  • 出版社相关作品

书目信息

  • 表格格式
  • 工作单格式
  • 卡片格式
题名:
自动驾驶汽车平台技术基础
    
 
作者: 杨世春 , 肖赟 , 夏黎明 编著
分册:  
出版信息: 北京   清华大学出版社  2020.11
页数: 178页
开本: 26cm
丛书名: 自动驾驶技术系列丛书
单 册:
中图分类: U463.61
科图分类:
主题词: 汽车驾驶--自动驾驶系统
电子资源:
ISBN: 978-7-302-54973-4
000 01125nam0 2200301 45
001 012001000431
005 20130911142354.0
010    @a978-7-302-54973-4@dCNY59.80
100    @a20200528d2020 em y0chiy50 ea
101 0  @achi
102    @aCN@b110000
105    @aa z 000yy
106    @ar
200 1  @a自动驾驶汽车平台技术基础@Azi dong jia shi qi che ping tai ji shu ji chu@b专著@f杨世春[等]编著
210    @a北京@c清华大学出版社@d2020.11
215    @a178页@c图,照片@d26cm
225 1  @a自动驾驶技术系列丛书
300    @a“十三五”国家重点图书出版规划项目
304    @a编著者还有:肖赟、夏黎明、蒋晓琳、华旸
330    @a本书对自动驾驶汽车研究与开发所涉及的平台技术进行了介绍,主要内容包括:自动驾驶汽车硬件平台、自动驾驶汽车软件平台、自动驾驶汽车开发平台、自动驾驶汽车软件计算框架和自动驾驶汽车辅助开发平台等。
461  0 @12001 @a自动驾驶技术系列丛书
606 0  @a汽车驾驶@x自动驾驶系统
690    @aU463.61@v5
701  0 @a杨世春@Ayang shi chun@4编著
701  0 @a肖赟@Axiao bin@4编著
701  0 @a夏黎明@Axia li ming@4编著
801  0 @aCN@bBJSDL@c20211011
905    @b1335205-8@dU463.61@e1051@f4
    
    自动驾驶汽车平台技术基础/杨世春[等]编著.-北京:清华大学出版社,2020.11
    178页:图,照片;26cm.-(自动驾驶技术系列丛书)
    “十三五”国家重点图书出版规划项目
    
    ISBN 978-7-302-54973-4:CNY59.80
    本书对自动驾驶汽车研究与开发所涉及的平台技术进行了介绍,主要内容包括:自动驾驶汽车硬件平台、自动驾驶汽车软件平台、自动驾驶汽车开发平台、自动驾驶汽车软件计算框架和自动驾驶汽车辅助开发平台等。
●
相关链接 在E读中查询图书 在五车中查询图书 在当当中查询图书 在豆瓣中查询图书


正题名:自动驾驶汽车平台技术基础     索取号:U463.61/1051         预约/预借

序号 登录号 条形码 馆藏地/架位号 状态 备注
1 1335205   213352058   第二样本阅览室/ [索取号:U463.61/1051] 在馆    
2 1335206   213352067   第三借阅区/ [索取号:U463.61/1051] 在馆    
3 1335207   213352076   第三借阅区/ [索取号:U463.61/1051] 在馆    
4 1335208   213352085   第三借阅区/ [索取号:U463.61/1051] 在馆    
唐山师范学院图书馆 欢迎您!
大连网信软件有限公司© 版权所有